000
00251nam a22001097a 4500
999
_c
167642
_d
167642
082
_a
_b
100
_a
Harikumar R S
245
_a
Upanyaskar Ilachandra Joshi/
_c
by Harikumar R S.
260
_a
Mathura:
_b
Jawahar,
_c
2007.
650
_a
942
_c
BK